| 000 | 00424nam a2200181Ia 4500 | ||
|---|---|---|---|
| 005 | 20240823010455.0 | ||
| 008 | 240823s9999||||xx |||||||||||||| ||und|| | ||
| 082 | _A420 N8 | ||
| 100 | _aBala Subramanian | ||
| 245 | 0 | _aEnglish for Engineering Students | |
| 250 | _a1st | ||
| 260 |
_c1998 _bAnuradha.Kumbakonam |
||
| 500 | _aYES | ||
| 650 |
_aENG _bEnglish |
||
| 700 | _a Anbalagan G | ||
| 942 | _cBK | ||
| 999 |
_c158723 _d158723 |
||